|
|
|
|
| LEADER |
00000nam a2200000 a 4500 |
| 001 |
vtls001383008 |
| 003 |
SK-MaSNL |
| 005 |
20260301161421.0 |
| 008 |
250312s1972 xo o 0 0 j slo |
| 035 |
|
|
|a SNK000337078
|
| 035 |
|
|
|a urn:nbn:sk:snk-am3h5ga
|
| 035 |
|
|
|a urn:nbn:sk:snk-am00cnmo
|
| 035 |
|
|
|a BB60B530-F527-4977-80B0-D8CCD42E4CD3
|
| 040 |
|
|
|a SNK
|b slo
|c SNK
|e AACR2
|
| 041 |
1 |
|
|a slo
|h rus
|
| 044 |
|
|
|a xo
|c SK
|
| 080 |
|
|
|a 821.161.1-3
|2 2001
|
| 100 |
1 |
|
|a Čechov, Anton Pavlovič,
|d 1860-1904
|4 aut
|9 98221
|
| 245 |
1 |
0 |
|a Svetlá
|c Anton Pavlovič Čechov ; preložili Viera Bosáková, Elena Krišková, Dana Lehutová, Magda Takáčová ; prebal a väzba Jan Meisner
|
| 250 |
|
|
|a 1. vyd.
|
| 260 |
|
|
|a Bratislava
|b Tatran
|c 1972
|
| 300 |
|
|
|a 320, [14] s.
|b Fotogr.
|c 18 cm
|e Fotogr. príl.
|
| 490 |
1 |
|
|a Čítanie študujúcej mládeže
|v Zv. 39
|
| 655 |
|
7 |
|a ruské poviedky
|2 SNKPH
|9 84555
|
| 700 |
1 |
|
|a Bosáková-Surová, Viera
|4 trl
|9 60651
|
| 700 |
1 |
|
|a Krišková, Elena,
|d 1927-
|4 trl
|9 108077
|
| 700 |
1 |
|
|a Lehutová, Dana,
|d 1935-2007
|4 trl
|9 161676
|
| 700 |
1 |
|
|a Takáčová, Magda,
|d 1924-2018
|4 trl
|9 179503
|
| 700 |
1 |
|
|a Meisner, Jan,
|d 1939-
|4 bjd
|4 bdd
|9 90885
|
| 830 |
|
0 |
|a Čítanie študujúcej mládeže
|9 278830
|
| 852 |
|
|
|a Slovenská národná knižnica
|
| 954 |
|
|
|a beletria cudzojazyčná (svetová)
|2 lita
|
| 958 |
|
|
|a OND
|
| 999 |
|
|
|c 809373
|d 811303
|
| 952 |
|
|
|t P60, <05>, [BOOK], {605}
|a SNK
|b SNK
|y PREZ
|7 0
|p 17A0227854
|o snkSD 40987 D1
|0 0
|1 0
|4 0
|d 2000-02-17
|l 0
|r 2005-01-02 00:00:00
|w 2026-02-24
|
| 952 |
|
|
|a SNK
|b SNK
|y PREZ
|7 0
|p 17A0931247
|o snkSD 40987
|0 0
|1 0
|4 0
|d 2013-08-14
|f 1
|l 0
|r 2026-02-24 02:31:42
|w 2026-02-24
|